2011 MLB Playoff Lineups - Statistics

General Stats
  • This quiz has been taken 36 times
  • The average score is 47 of 107
Answer Stats
Hint Answer % Correct
New York Yankees 3B Alex Rodriguez
89%
New York Yankees SS Derek Jeter
89%
St. Louis Cardinals 1B Albert Pujols
84%
Detroit Tigers SP Justin Verlander
84%
Tampa Bay Rays 3B Evan Longoria
79%
Philadelphia Phillies 1B Ryan Howard
79%
St. Louis Cardinals C Yadier Molina
79%
New York Yankees DH Jorge Posada
74%
Detroit Tigers 1B Miguel Cabrera
74%
New York Yankees 2B Robinson Cano
74%
Philadelphia Phillies SP Roy Halladay
74%
New York Yankees C Russell Martin
74%
Tampa Bay Rays SS Sean Rodriguez
74%
New York Yankees LF Brett Gardner
68%
New York Yankees SP C.C Sabathia
68%
Philadelphia Phillies 2B Chase Utley
68%
Philadelphia Phillies SP Cliff Lee
68%
Philadelphia Phillies SP Cole Hamels
68%
St. Louis Cardinals 3B David Freese
68%
Philadelphia Phillies SS Jimmy Rollins
68%
Texas Rangers CF Josh Hamilton
68%
Detroit Tigers SP Max Scherzer
68%
Texas Rangers 3B Adrian Beltre
63%
Detroit Tigers CF Austin Jackson
63%
St. Louis Cardinals SP Chris Carpenter
63%
New York Yankees CF Curtis Granderson
63%
St. Louis Cardinals SP Edwin Jackson
63%
New York Yankees MGR Joe Girardi
63%
New York Yankees 1B Mark Teixeira
63%
Milwaukee Brewers 1B Prince Fielder
63%
Milwaukee Brewers LF Ryan Braun
63%
Texas Rangers SS Elvis Andrus
58%
Texas Rangers 2B Ian Kinsler
58%
Tampa Bay Rays MGR Joe Maddon
58%
Milwaukee Brewers C Jonathan Lucroy
58%
Arizona Diamondbacks 1B Paul Goldschmidt
58%
Texas Rangers MGR Ron Washington
58%
Philadelphia Phillies CF Shane Victorino
58%
Detroit Tigers DH Victor Martinez
58%
Detroit Tigers C Alex Avila
53%
Tampa Bay Rays CF B.J. Upton
53%
Philadelphia Phillies C Carlos Ruiz
53%
Tampa Bay Rays SP David Price
53%
Detroit Tigers MGR Jim Leyland
53%
St. Louis Cardinals CF Jon Jay
53%
Arizona Diamondbacks RF Justin Upton
53%
Texas Rangers C Mike Napoli
53%
Texas Rangers RF Nelson Cruz
53%
Philadelphia Phillies 3B Placido Polanco
53%
Detroit Tigers SP Rick Porcello
53%
New York Yankees SP A.J. Burnett
47%
Detroit Tigers SS Jhonny Peralta
47%
St. Louis Cardinals RF Lance Berkman
47%
St. Louis Cardinals MGR Tony LaRussa
47%
Arizona Diamondbacks 2B Aaron Hill
42%
Philadelphia Phillies MGR Charlie Manuel
42%
St. Louis Cardinals LF Matt Holliday
42%
Texas Rangers 1B Mitch Moreland
42%
Milwaukee Brewers CF Nyjer Morgan
42%
St. Louis Cardinals SS Rafael Furcal
42%
Milwaukee Brewers 2B Rickie Weeks
42%
Tampa Bay Rays 2B Ben Zobrist
37%
Texas Rangers SP C.J. Wilson
37%
Milwaukee Brewers RF Corey Hart
37%
Arizona Diamondbacks CF Chris Young
32%
Texas Rangers LF David Murphy
32%
Detroit Tigers LF Delmon Young
32%
Philadelphia Phillies RF Hunter Pence
32%
St. Louis Cardinals SP Kyle Lohse
32%
Texas Rangers DH Michael Young
32%
Arizona Diamondbacks C Miguel Montero
32%
Milwaukee Brewers MGR Ron Roenicke
32%
Philadelphia Phillies SP Roy Oswalt
32%
Texas Rangers SP Derek Holland
26%
Detroit Tigers SP Doug Fister
26%
New York Yankees SP Freddy Garcia
26%
St. Louis Cardinals SP Jaime Garcia
26%
Arizona Diamondbacks MGR Kirk Gibson
26%
Philadelphia Phillies LF Raul Ibañez
26%
Milwaukee Brewers SP Yovani Gallardo
26%
Texas Rangers SP Colby Lewis
21%
Tampa Bay Rays LF Desmond Jennings
21%
New York Yankees SP Ivan Nova
21%
Tampa Bay Rays SP James Shields
21%
Tampa Bay Rays SP Matt Moore
21%
New York Yankees RF Nick Swisher
21%
Milwaukee Brewers SS Yuniesky Betancourt
21%
Milwaukee Brewers SP Zack Greinke
21%
Detroit Tigers 3B Brandon Inge
16%
Arizona Diamondbacks SP Ian Kennedy
16%
Tampa Bay Rays SP Jeremy Hellickson
16%
Tampa Bay Rays DH Johnny Damon
16%
Arizona Diamondbacks 3B Ryan Roberts
16%
Arizona Diamondbacks SS Willie Bloomquist
16%
Arizona Diamondbacks LF Gerardo Parra
11%
Tampa Bay Rays C Kelly Shoppach
11%
Texas Rangers SP Matt Harrison
11%
St. Louis Cardinals 2B Nick Punto
11%
Milwaukee Brewers SP Randy Wolf
11%
Tampa Bay Rays 1B Casey Kotchman
5%
Arizona Diamondbacks SP Daniel Hudson
5%
Arizona Diamondbacks SP Josh Collmenter
5%
Tampa Bay Rays RF Matt Joyce
5%
Detroit Tigers 2B Ramon Santiago
5%
Milwaukee Brewers SP Shaun Marcum
5%
Milwaukee Brewers 3B Jerry Hairston
0%
Detroit Tigers RF Ryan Raburn
0%
No matching quizzes found
Score Distribution
Percent of People with Each Score
Percentile by Number Answered
Your Score History
You have not taken this quiz